CHANGES / (رقم التسجيلة. 136332)

تفاصيل مارك
000 -LEADER
fixed length control field 00463nam a22001697a 4500
005 - DATE AND TIME OF LATEST TRANSACTION
control field 20251108175530.0
008 - FIXED-LENGTH DATA ELEMENTS--GENERAL INFORMATION
fixed length control field 250721s1990 xx 000 0 eng d
082 14 - DEWEY DECIMAL CLASSIFICATION NUMBER
Classification number J/F/BRO
100 1# - MAIN ENTRY--PERSONAL NAME
Personal name BROWNE, ANTHONY
245 10 - TITLE STATEMENT
Title CHANGES /
264 1# - PRODUCTION, PUBLICATION, DISTRIBUTION, MANUFACTURE, AND COPYRIGHT NOTICE
Place of production, publication, distribution, manufacture new york :
Name of producer, publisher, distributor, manufacturer farrar, staus and giroux / a sunburst book,
Date of production, publication, distribution, manufacture, or copyright notice 1990.
300 ## - PHYSICAL DESCRIPTION
Extent [24P.]
650 17 - SUBJECT ADDED ENTRY--TOPICAL TERM
Topical term or geographic name as entry element Fiction
653 ## - INDEX TERM--UNCONTROLLED
Uncontrolled term اطفال مرحلة متوسطة (6-9) سنوات
942 ## - ADDED ENTRY ELEMENTS (KOHA)
Source of classification or shelving scheme Dewey Decimal Classification
Koha item type كتب
المقتنيات
حالة السحب حالة الفقدان مصدر التصنيف حالة التلف غير قابل للإعارة المكتبة الرئيسية المكتبة الحالية موقع الرف تاريخ التزويد الرقم المتسلسل Total Checkouts رقم الإستدعاء الباركود تاريخ آخر ظهور تاريخ الفاتورة نوع المادة (كوها)
    Dewey Decimal Classification     المكتبة المركزية المكتبة المركزية الأطفال 28/07/2025 1660379   J/F/BRO PLD00405156 28/07/2025 28/07/2025 كتب
    Dewey Decimal Classification     مكتبة أبو علندا العامة مكتبة أبو علندا العامة الأطفال 21/10/2018 1660382   J/F/BRO PLD00436100 28/07/2025 21/10/2018 كتب
    Dewey Decimal Classification     مكتبة البيادر مكتبة البيادر الأطفال 21/10/2018 1660383   J/F/BRO PLD00436101 28/07/2025 21/10/2018 كتب
    Dewey Decimal Classification     مكتبة الجويدة مكتبة الجويدة الأطفال 21/10/2018 1660381   J/F/BRO PLD00436099 28/07/2025 21/10/2018 كتب
    Dewey Decimal Classification     مكتبة حمزة العامة مكتبة حمزة العامة الأطفال 21/10/2018 1660380   J/F/BRO PLD00436098 28/07/2025 21/10/2018 كتب
Implemented & Customized by: BBB with SCIT (Smart Chains for Information Technology)

Powered by Koha